|
|
|
|
| LEADER |
01225ppm a22003258a 4500 |
| 001 |
00031263 |
| 005 |
20171026081025.0 |
| 008 |
131105s2009 ||||||viesd |
| 041 |
0 |
# |
|a vie
|
| 082 |
1 |
4 |
|b C100M
|a 959.703 2
|
| 100 |
1 |
# |
|a Nguyễn, Thanh Đoàn
|
| 245 |
0 |
0 |
|a Cà Mau trong khởi nghĩa Nam kì năm 1940
|b Luận văn Thạc sĩ khoa học Lịch sử. Chuyên ngành: Lịch sử Việt Nam. Mã số: 60.22.54
|c Nguyễn Thanh Đoàn; Trần Văn Thức (hướng dẫn)
|
| 260 |
# |
# |
|a Vinh
|b Đại học Vinh
|c 2009
|
| 300 |
# |
# |
|b ảnh màu
|a 92 tr + Phụ lục.
|c 30cm.
|
| 500 |
# |
# |
|a ĐTTTS ghi: Bộ giáo dục và đào tạo. Trường Đại học Vinh
|
| 653 |
# |
# |
|a Cà Mau
|
| 653 |
# |
# |
|a Giải phóng dân tộc
|
| 653 |
# |
# |
|a Việt Nam
|
| 653 |
# |
# |
|a Luận văn
|
| 653 |
# |
# |
|a Khởi nghĩa Nam kì
|
| 653 |
# |
# |
|a Khoa học lịch sử
|
| 700 |
1 |
# |
|e Hướng dẫn
|a Trần, Văn Thức
|
| 852 |
# |
# |
|j LV.0000329
|
| 852 |
# |
# |
|b Kho đọc SĐH
|j LV.0000329
|
| 910 |
|
|
|d 05/11/2013
|
| 980 |
# |
# |
|a Trung tâm Học liệu Lê Vũ Hùng, Trường Đại học Đồng Tháp
|